Historical Islamic Empires - Statistics

General Stats
  • This quiz has been taken 505 times
  • The average score is 6 of 10
Answer Stats
Hints Answer % Correct
This Empire finally came to its demise in WWI, where its lands were divided amongst European powers. Ottoman Empire
97%
The largest Empire in the world at its time, stretching from India to France. Umayyad Caliphate
88%
The direct successor of the above, it ruled from its capital in Baghdad until the Mongols destroyed them. Abbasid Caliphate
83%
At its peak it accounted for 22% of the Worlds GDP and ruled almost all of the Indian Subcontinent. Mughal Empire
78%
The First of the major Islamic Empires, ruled by the first 4 Caliphs, it completely destroyed the Sassanian Empire. Rashidun Caliphate
73%
Ruled by Mansa Musa the richest man in history. Mali Empire
62%
One of the successors of the Mongol Empire, it had territory stretching from Crimea to parts of Siberia The Golden Horde
56%
This nation earned a hard fought victory against The Mongols in the Battle of Ain Jalut. Mamluk Sultanate
49%
After murdering a Mongol trade delegation this empire came to a brutal end in just 10 years. Khwarezmian Empire
19%
The northern most Islamic nation in history. It bordered the Arctic Sea. Khanate of Sibir
9%
No matching quizzes found
Score Distribution
Percent of People with Each Score
Percentile by Number Answered
Your Score History
You have not taken this quiz